000 00750nam a2200229 i 4500
001 143595
003 ES-MaACL
005 20240429130039.0
007 t|
008 070214s1904 sp r ||||1| spa d
100 1 _aSergi, Giuseppe (
_d1841-1936)
_9105546
245 1 0 _aLeopardi a la luz de la ciencia /
_cGiuseppe Sergi ; versión de J. Buixó Monserdá.
260 _aBarcelona :
_bHenrich y Co.,
_c1904.
300 _a138 p. ;
_c16 cm.
490 1 _aBiblioteca sociológica internacional
500 _aes el tomo primero.
600 1 4 _aLeopardi, Giacomo,
_d1798-1837
_971704
700 1 _aBuixó Monserdá, J.
_932475
830 0 _aBiblioteca sociológica internacional
_9182076
852 _aES-MaACL
_jC-8052
999 _c143595
_d143595